=LDR 00000nam 2200000 4500 =001 INLIS000000000013926 =005 20200721021328 =035 ##$$a 0010-061300000013926 =008 200721################g##########0#ind## =041 ##$$a Ind =082 ##$$a 2x7.209 =090 ##$$a 2x7.209, Pur d =100 ##$$a Purwadi =245 1#$$a Dakwah sunan kalijaga : $b Penyebaran agama islam di Jawa berbasis kultural /$c Dr. Purwadi, M. Hum =260 ##$$a Yogyakarta :$b Pustaka Pelajar,$c 2004 =300 ##$$a ix, 267 hlm. ; $c 21 x 14 cm. =650 #4$$a Dakwah Sunan Kalijaga ( Islam ) =850 ##$$a NBPNMAT =020 ##$$a 979-3721-04-9 =084 ##$$a 2x7.209 PUR d =250 ##$$a cet. 1 =990 ##$$a 10407280 =990 ##$$a 10407281 =990 ##$$a 10407283